000 00868nam a2200217Ii 4500
003 JO-AjNU
008 230605s9999||||xx |||||||||||||| ||und||
017 _a2006/2/259
040 _aJO-AjNU
_bara
_erda
_cJO-AjNU
041 _aara
050 1 4 _aBP184 2006
100 3 _aتحقيق: الحنفي، أكمل الدين محمد بن محمد البابرتي ؛ تحقيق واخراج احاديث وتعليق: محمد صبحي العايدي ، حمزة محمد البكري,
_eauthor
_97976
245 0 0 _aشرح وصية الإمام ابي حنيفة رضي الله عنه
250 _aط1
264 3 1 _aعمان: المحققان، 2006
300 _a176ص
336 _atext
_btxt
_2rdacontent
337 _aunmediated
_bn
_2rdamedia
338 _avolume
_bnc
_2rdacarrier
650 4 _aالوعظ والارشاد- ابو حنيفة النعمان
_97977
999 _aA551
_c4119
_d4119